000 00998nam a2200265 i 4500
001 114942
003 ES-MaACL
005 20260315204631.0
007 t|
008 070213s1930 sp ||||1| spa d
080 _a821.111(73)-23"19"
100 1 _aWillard, John.
_9116882
245 1 3 _aEl gato y el canario
_b: melodrama de la alta sociedad norteamericana, en tres actos /
_cJohn Willard ; traducida por José Luis Salado y F. Pérez de la Vega ; dibujos de Alonso.
260 _aMadrid :
_bRivadeneyra,
_c1930.
300 _a60 p. :
_bil. ;
_c17 cm.
490 1 _aLa Farsa ;
_v124
500 _aEstrenada en el teatro Alkázar, de Madrid, el día 17 de octubre de 1929.
500 _aCubierta de este número: Malvaloca de los Hermanos Quintero.
700 1 _aSalado, José Luis.
_9101696
700 1 _aPérez de la Vega, F.
_990786
700 0 _aAlonso
_c(ilustrador)
_920301
830 0 _aLa Farsa ;
_v124
_9185863
852 _aES-MaACL
_jC-13201
999 _c114942
_d114942